LEADER 00813cam0-2200277 --450 001 9910844198603321 005 20240411122857.0 010 $a978-88-96251-83-6 100 $a20240411d2021----kmuy0itay5050 ba 101 0 $aita 102 $aIT 105 $aa 001yy 200 1 $aMichele Sala$estoria di un rivoluzionario di Altofonte$fElio Sanfilippo 210 $aPalermo$cIstituto poligrafico europeo$d2021 215 $a130 p.$cill.$d21 cm 225 1 $a<>opinioni$v32 610 0 $aSala, Michele <1900-1973> 676 $a324.2450752092$v23$zita 700 1$aSanfilippo,$bElio$0319719 801 0$aIT$bUNINA$gREICAT$2UNIMARC 901 $aBK 912 $a9910844198603321 952 $aCollez. 2593 (32)$b1392/2024$fFSPBC 959 $aFSPBC 996 $aMichele Sala$94149921 997 $aUNINA